Powiaty województwa pomorskiego - nagła śmierć - Statystyki

Ogólne statystyki
  • Ten quiz został rozwiązany 718 razy
  • Średni wynik to 13 z 20
Answers on the Grid
Answers color-coded by a green-red scale on the quiz's grid according to % correct below.
Leski
Koszalin
Koszaliński
Nowodworski
Pucki
Strzelecko-
Drezdenecki
Opoczyński
Chojnicki
Kołobrzeski
Strzyżowski
Słupsk
Słupski
Gorzowski
Starogardzki
Bytowski
Świebodziński
Wejherowski
Żarski
Tczewski
Tucholski
Bełchatowski
Rybnicki
Gdańsk
Oławski
Gdański
Pyrzycki
Słupecki
Gdynia
Lublin
Bytom
Kartuski
Wadowicki
Kościerski
Staszowski
Człuchowski
Wałecki
Leżajski
Zduńskowolski
Malborski
Przysuski
Lęborski
Sławieński
Kwidzyński
Pułtuski
Sztumski
Makowski
Kutnowski
Sopot
Sierpecki
Żuromiński
 
Statystyki odpowiedzi
Odpowiedź % Poprawnych
Pucki
81%
Słupski
79%
Wejherowski
78%
Słupsk
77%
Gdańsk
76%
Gdański
75%
Tczewski
75%
Chojnicki
70%
Gdynia
69%
Starogardzki
69%
Sopot
67%
Bytowski
63%
Lęborski
62%
Malborski
60%
Nowodworski
60%
Kartuski
59%
Kościerski
54%
Sztumski
54%
Kwidzyński
53%
Człuchowski
46%
Nie znaleziono quizów pasujących do podanych kryteriów
Rozkład punktacji
Procent ludzi z każdym wynikiem
Percentyl według liczby udzielonych odpowiedzi
Twoja historia wyników
Nie rozwiązałeś tego quizu